|
|
|
|
| LEADER |
00000nfb a2200000 ar4500 |
| 001 |
vtls009464497 |
| 003 |
SK-MaSNL |
| 005 |
20260304210131.0 |
| 008 |
090123c2009 xo mr|p|||||||000 b|slo |
| 015 |
|
|
|a SNBRB2009/01
|2 snkbucl
|
| 038 |
|
|
|a SNKBUCL
|
| 040 |
|
|
|a SNKBUCL
|b slo
|c SNKBUCL
|e AACR2
|
| 041 |
0 |
|
|a slo
|
| 044 |
|
|
|a xo
|c SK
|
| 080 |
|
|
|a 27-242
|2 2001
|
| 245 |
0 |
0 |
|a Kniha Sirachovcova
|b kapitoly 40-51
|
| 610 |
2 |
7 |
|a Katolícka cirkev
|2 snkbucl
|9 206702
|
| 630 |
0 |
7 |
|a Biblia
|p Deutrokánonické knihy
|p Kniha Sirachovcova, 40-51
|2 snkbucl
|9 119032
|
| 630 |
0 |
7 |
|a Kniha Sirachovcova
|x kapitoly 40-51
|2 snkbucl
|9 1540968
|
| 650 |
0 |
7 |
|a Deuterokanonické knihy
|2 snkbucl
|9 1540962
|
| 773 |
0 |
|
|t Sväté písmo pre každého
|g Roč. IX, č. 1 (2009), s. 3-27
|x 1336-0205
|
| 852 |
|
|
|a SNK
|b KIS3GCP
|
| 958 |
|
|
|a SK
|
| 958 |
|
|
|a NT
|
| 999 |
|
|
|c 3124643
|d 3126573
|